ბათუმის შოთა რუსთაველის სახელმწიფო უნივერსიტეტის ბიბლიოთეკა

ძველი ქართული სამკაული / (ბიბ.ჩანაწერი № 59729)

000 -ლიდერი
ფიქსირებული სიგრძის საკონტროლო ველი 01654nam a22002657a 4500
003 - საკონტროლო ნომრის იდენტიფიკატორი
საკონტროლო ველი Ge_BSU
005 - ბოლო ოპერაციის თარიღი და დრო
საკონტროლო ველი 20230407123723.0
008 - ფიქსირებული სიგრძის მონაცემთა ელემენტები - ზოგადი ინფორმაცია
ფიქსირებული სიგრძის საკონტროლო ველი 230407s2015 ge ||||| |||| 00| 0 geo d
020 ## - წიგნის საერთაშორისო სტანდარტული ნომერი
International Standard Book Number 9789941452093
041 ## - ენის კოდი
Language code of text/sound track or separate title geo
080 ## - უნივერსალური ათობითი კლასიფიკაციის ინდექსი
Universal Decimal Classification number 903.25(479.22)(09): 739.2(479.22)(09) ლ-85
100 ## - მთავარი ჩანაწერი - პიროვნების სახელი
Personal name ლორთქიფანიძე, ნინო
9 (RLIN) 17544
245 ## - ცნობა სათაურის შესახებ
Title ძველი ქართული სამკაული /
Statement of responsibility, etc ნინო ლორთქიფანიძე; რედაქტორი ლია ლიქოკელი; ფოტოების ავტორი: ქუცნა ამირეჯიბი, მირიან კილაძე ; დიზაინი მართა თაბუკაშვილი.
264 ## - წარმოების, გამოცემის, დისტრიბუციის და სხვა ცნობები
გამოცემის, წარმოების, დისტრიბუციის... ადგილი თბილისი :
გამოცემის, წარმოების, დისტრიბუციის... სახელწოდება ქარჩხაძის გამ-ბა,
გამოცემის, წარმოების, დისტრიბუციის... თარიღი 2015.
300 ## - ფიზიკური აღწერა
Extent 376 გვ. :
Other physical details ფოტ. ;
Dimensions 30 სმ.
500 ## - ზოგადი შენიშვნა
General note შენიშვნები: გვ. 360-370.
504 ## - BIBLIOGRAPHY, ETC. NOTE
Bibliography, etc ბიბლიოგრაფია: გვ. 372-375.
520 ## - SUMMARY, ETC.
Summary, etc რეზიუმე ინგლისურ ენაზე.
653 ## - INDEX TERM--UNCONTROLLED
Uncontrolled term ძველი ქართული სამკაულის ისტორია
700 ## - ADDED ENTRY--PERSONAL NAME
Personal name ლიქოკელი, ლია
Relator term რედაქტორი
9 (RLIN) 17545
700 ## - ADDED ENTRY--PERSONAL NAME
Personal name ამირეჯიბი, ქუცნა
Relator term ფოტოების ავტორი
9 (RLIN) 17546
700 ## - ADDED ENTRY--PERSONAL NAME
Personal name კილაძე, მირიან,
Relator term ფოტოების ავტორი
9 (RLIN) 5140
700 ## - ADDED ENTRY--PERSONAL NAME
Personal name თაბუკაშვილი, მირიან
Relator term დიზაინერი
9 (RLIN) 17547
942 ## - ADDED ENTRY ELEMENTS (KOHA)
Source of classification or shelving scheme
Koha item type წიგნი
ეგზემპლარები
ჩამოწერის სტატუსი დაკარგული ეგზემპლარის სტატუსი კლასიფიკაციის წყარო ან თაროზე გაწყობის სქემა დაზიანების სტატუსი არ გაიცემა მუდმივი მდებარეობა (დაცვის ადგილი) ამჟამინდელი ადგილსამყოფელი თაროზე განთავსების ადგილი შეძენის თარიღი ღირებულება, შესყიდვის ნორმალური ფასი სრული შენახვის შიფრი შტრიხკოდი ბოლო ოპერაციის თარიღი ეგზემპლარის მიმდევრობითი ნომერი (კეტერი?) Uniform Resource Identifier ფასის ძალაში შესვლის თარიღი ეგზემპლარის სახეობა საჯარო შენიშვნა
          ბათუმის შოთა რუსთაველის სახელმწიფო უნივერსიტეტის მთავარი ბიბლიოთეკა ბათუმის შოთა რუსთაველის სახელმწიფო უნივერსიტეტის მთავარი ბიბლიოთეკა წიგნსაცავი 2023-04-07 45.00 903.25(479.22)(09): 739.2(479.22)(09) ლ-85 64206 2023-04-07 64206 ბსუ-ს საპატიო დოქტორის გურამ ლორთქიფანიძის საჩუქარი 2023-04-07 წიგნი 45 ლ.